000 00238nam a2200097Ia 4500
001 703897
005 20250826162400.0
008 250824s9999 xx 000 0 und d
245 0 _aHAYAL KÜRE
_cKORAY AVCI ÇAKMAN
260 _bTUDEM YAYINLARI
999 _c703897
_d703897